000 00491pab a2200181 454500
008 180718b2012 xxu||||| |||| 00| 0 eng d
100 _aHsieh, Chih-Wei
245 _aConsequences of work related emotions: Analysis of cross section of public service workers
260 _c2012
300 _ap.39-53.
362 _aJan
650 _aLabour
700 _aGuy, Mary E.
700 _aJin, Myung H.
773 _aAmerican Review of Public Administration
908 _aN
909 _a96534
999 _c96534
_d96534